1975 1446 1373 1617 1013 1019 1024 1093 1278 1986 1575 1146 1353 1212 1228 1472 1691 1726 1297 1694 1162 1510 1959 1243 1279 1131 1986 1476 1411 1440 1602 1844 1831 1357 1912 1438 1764 1261 1552 1960 1735 1686 1368 1059 1851 1419 1411 1745 1832 1369 1152 1817 1756 1638 1583 1139 1688 1037 1987 1836 1596 1289 1516 1249 1135 1090 1425 1204 1987 1488 1440 1887 1452 1184 1020 1275 1273 1624 1600 1137 1491 1023 1136 1096 1070 1692 1212 1638 1502 1101 1842 1139 1943 1905 1635 1277 1271 1041 1529 BCNSPRNW ULIB Ver.6.0+V

เปลี่ยนเป็นภาษาไทย

Change to English
 แสดงรายละเอียดบรรณานุกรม
  กลับหน้าหลัก

Brief Record : Get Marc (ISO 2709) : E-mail record : QR code < ปิดหน้าต่าง
LEADER : 00000nam 2200000uu 4500
001    13399111772
003     ULIB
008    110627s2552||||th 000 0 tha d
020    9786160600311
090    นว.^bต113จ 2552
100 0  ตู้โม่อวี่
245 00 พระพันปีตัวร้าย ชุด ตำหนักรักนิรันดร์/^cตู้โม่อวี่
250    พิมพ์ครั้งที่ 1
260    กรุงเทพฯ :^bแจ่มใส,^c2552
300    414 หน้า
945    ^p259^l0^i026736
995    ทศพร
999 ^a ใช้งานได้ทุกระบบ
รายการนี้ยังไม่มีแท็ก
คุณยังไม่ได้ล็อกอิน คุณสามารถมีกิจกรรมร่วมกับเว็บไซต์ได้ แต่ต้องล็อกอินก่อน ::
  ล็อกอิน

รายการสื่อสารสนเทศ

ลำดับที่ ประเภท เลขเรียก/บาร์โค้ด สถานที่ สถานะ
- ไม่พบข้อมูล -

BibComment


ยังไม่เคยถูกคอมเมนท์

คอมเมนท์ทรัพยากรรายการนี้
  คอมเมนท์: พระพันปีตัวร้าย ช..


 Copyright 2026. Bcnsprnw @Library